000 00425nam a2200181Ia 4500
001 585
005 20260306140528.0
008 260306t2017||||xx |||||||||||||| ||spa||
041 _aESP
082 _a128
_bG23F
100 _aGarcía Cuadrado, José Ángel
_eAUT
245 0 _aFilosofía de la persona
260 _c2017
300 _a184 páginas :
_c24 cm.
650 _aGEN
654 _aCHU
942 _cLIB
_dJUS
_fJUS
_2ddc
_n
999 _c585
_d585